Strategic Supply Chain Management: The Five Desplaines for Top Performance (Record no. 2492)

MARC details
005 - DATE AND TIME OF LATEST TRANSACTION
control field 20250521123123.0
020 ## - INTERNATIONAL STANDARD BOOK NUMBER
International Standard Book Number 978-1-265-79862-8
082 ## - DEWEY DECIMAL CLASSIFICATION NUMBER
Classification number 658.7
100 ## - MAIN ENTRY--PERSONAL NAME
Author name COHEN, S.
245 ## - TITLE STATEMENT
Title Strategic Supply Chain Management: The Five Desplaines for Top Performance
250 ## - EDITION STATEMENT
Edition statement 2nd Ed.
260 ## - PUBLICATION, DISTRIBUTION, ETC.
Place of publication, distribution, etc. New York.
Name of publisher, distributor, etc. Mc Graw Hill Education,
Date of publication, distribution, etc. 2013.
300 ## - PHYSICAL DESCRIPTION
Extent xvii,298p.;
Other physical details ill.;
Dimensions 23cm
700 ## - ADDED ENTRY--PERSONAL NAME
Other authors/Editors ROUSSEL, J.
942 ## - ADDED ENTRY ELEMENTS (KOHA)
Source of classification or shelving scheme Dewey Decimal Classification
Koha item type Books

No items available.